Przysłowia i wyrażenia przysłowiowe w łacińskich listach Jana Dantyszka z roku 1537
| Titel: | Przysłowia i wyrażenia przysłowiowe w łacińskich listach Jana Dantyszka z roku 1537 |
|---|---|
| Verfasser: | |
| In: |
Łacina jako je̜zyk elit, (2004), Seite 177-188 alle Artikel anzeigen |
| Veröffentlicht: | 2004 |
| Format: | Aufsatz |
| Sprache: | Polnisch |
X
alg: 39395407
001A $01999:12-11-16
001B $01999:29-05-21 $t17:39:21.000
001D $01999:12-11-16
001U $0utf8
001X $00
002@ $0Aox
003@ $0393954072
007A $0393954072 $aHEB
007T $0Herdk64846
010@ $apol
011@ $a2004
021A $aPrzysłowia i wyrażenia przysłowiowe w łacińskich listach Jana Dantyszka z roku 1537
028A $aSkolimowska $dAnna
031A $h177-188 $j2004
039B $aIn $8--Aau--. Łacina jako je̜zyk elit. - Warszawa : DiG {[u.a.], 2004. - 516 S.. - ISBN 83-7181-321-X $x200400000000000823 $9126525862
045F $a929.09438 $eDDC23BSB
045F/01 $a929
045F/03 $g438
045F/03 $g4382
045F/03 $g43832
lok: 39395407 78
exp: 39395407 78 1 #EPN
201B/01 $010-09-18 $t22:48:00.000
201U/01 $0utf8
203@/01 $0790064596
208@/01 $a12-11-16 $be
209A/01 $a/ $f000 $x00
220C/01 $aTitelaufnehmer: pbb
220C/01 $aHerkunft: IH PAN/PBB Kraków
244Z/01 $2Trx $#Prusy Wschodnie i Zachodnie $8--Trx--Ost- und Westpreußen $x01 $939113373X
244Z/01 $2Trx $#Poola $#Lenkija $#Polija $#Polen Land $#Poland $#Lengyelország $#Poľsko $#Polsko $8--Trx--Polska$gkraj $x02 $9391345966
244Z/01 $aGeschichte 1537 $x03
244Z/01 $#Dantiskus, Johannes $#Dantyszec, Joan $#Dantiscus, Johannes $#Dantiscus, Joannes $#Dantiscus, Ioannes $#Dantiscus, Joannes de Curiis $#Dantiscanus, Johannes $#Dantisco, Joannes $#Dantisco, Juan $#Curiis Dantiscus, Joannes de $#Curiis, Johannes de $#Curiis, Johannes a $#Curiis, Joannes de $#Höfen, Johannes von $#Höfen, Johannes von $#Höfer, Johannes von $#Flachsbinder, Johannes von $#Flachsbinder, Johann $#Johannes $#Johannes $#Johannes $#Johannes $#Curiis, Johannes de $#Höfen, Johannes von $7119442086 $8--Tp1--Dantyszek, Jan$Z1485-1548 $x04 $9087781808
244Z/01 $2Trx $#keel, ladina $#kalba, lotynų $#Language, Latin $#nyelv, latin $#język łaciński $#jazyk latinský $#jazyk latinský $8--Trx--Sprache, lateinische $x05 $9391367110
244Z/01 $2Trx $#korrespondenst $#susirašinėjimas $#Correspondences $#levelezés $#korespondencja $#korešpondencia $#korespondence $#laiškai $#Briefe $#Schriftverkehr $#listy $#listy $#dopisy $8--Trx--Korrespondenz $x06 $9391359568
244Z/01 $2Trx $#kirjanikud $#rašytojai $#writers $#írók $#pisarze $#spisovatelia $#spisovatelé $8--Trx--Schriftsteller $x07 $9391382659
244Z/01 $2Trx $#piiskopid, rooma-katolikud $#vyskupai, Romos katalikų $#Catholic bishops $#püspökök, római-katolikus $#biskupi rzymskokatoliccy $#biskupi rímsko-katolícki $#biskupové římsko-katoličtí $#Weihbischöfe $#bishops, auxiliary $#biskupi pomocniczy $8--Trx--Bischöfe, römisch-katholische $x08 $9391381849
244Z/01 $2Trx $8--Trx--Einzelbeiträge $x09 $9391384570
245Z/01 $a12.03 $x01
247C/01 $82080>Marburg/Lahn, Herder-Institut, Forschungsbibliothek, Bibliographieportal $9336309341
| LEADER | 00000caa a22000002c 4500 | ||
|---|---|---|---|
| 001 | 393954072 | ||
| 003 | DE-603 | ||
| 005 | 20210529173921.0 | ||
| 007 | tu | ||
| 008 | 161112s2004 xx |||| | u00||u|pol c | ||
| 035 | |a (DE-599)HEB393954072 | ||
| 040 | |a DE-603 |b ger |c DE-603 |d DE-603 | ||
| 041 | |a pol | ||
| 082 | 0 | 4 | |8 1\u |a 929.09438 |q DE-101 |2 23/BSB |
| 085 | |8 1\u |b 929 | ||
| 085 | |8 1\u |z 2 |s 438 | ||
| 085 | |8 1\u |z 2 |s 4382 | ||
| 085 | |8 1\u |z 2 |s 43832 | ||
| 100 | 1 | |a Skolimowska, Anna | |
| 245 | 0 | 0 | |a Przysłowia i wyrażenia przysłowiowe w łacińskich listach Jana Dantyszka z roku 1537 |
| 264 | 0 | |c 2004 | |
| 773 | 0 | 8 | |i In |t Łacina jako je̜zyk elit |d Warszawa : DiG [u.a.], 2004 |h 516 S. |z 837181321X |g (2004), Seite 177-188 |w (DE-603)126525862 |
| 924 | 0 | |9 2080 |a (DE-603)790064596 |b DE-2080 |c HES |d d |g / | |


